Kịch bản tuồng dân gian

Sách là một công trình sưu tầm, nghiên cứu và giới thiệu nhiều tuồng cổ Việt Nam như Thất hiền quyến, Giác sanh duyên, Hoa trì mộng,... và một số tuồng khác.

Gespeichert in:
Bibliographische Detailangaben
Körperschaft: Hội văn nghệ dân gian Việt Nam
Format: Buch
Sprache:Undetermined
Veröffentlicht: Hà Nội Khoa học - Xã hội 2014
Schlagworte:
Tags: Tag hinzufügen
Keine Tags, Fügen Sie den ersten Tag hinzu!
Thư viện lưu trữ: Trung tâm Học liệu Trường Đại học Cần Thơ
LEADER 00859nam a2200193Ia 4500
001 CTU_209857
008 210402s9999 xx 000 0 und d
082 |a 792.09597 
082 |b H452/Q.2 
110 |a Hội văn nghệ dân gian Việt Nam 
245 0 |a Kịch bản tuồng dân gian 
245 0 |c Nguyễn Xuân Yến (Biên soạn) 
260 |a Hà Nội 
260 |b Khoa học - Xã hội 
260 |c 2014 
520 |a Sách là một công trình sưu tầm, nghiên cứu và giới thiệu nhiều tuồng cổ Việt Nam như Thất hiền quyến, Giác sanh duyên, Hoa trì mộng,... và một số tuồng khác. 
650 |a Kịch Việt Nam,Vietnamese drama 
904 |i Trương Thủy Ly,Hải 
980 |a Trung tâm Học liệu Trường Đại học Cần Thơ